[Event "Athens op"]
[Site "Athens"]
[Date "1999.??.??"]
[Round "6"]
[White "Grivas, Efstratios"]
[Black "Papaioannou, Ioannis"]
[Result "0-1"]
[WhiteElo "2528"]
[BlackElo "2542"]
[PlyCount "84"]
[EventDate "1999.??.??"]
[Source "www.chesslib.no"]
[SourceDate "2004.05.04"]

1. d4 Nf6 2. c4 e6 3. Nf3 c5 4. d5 exd5 5. cxd5 d6 6. Nc3 g6 7. e4 Bg7 8. Bg5 a6 9. Nd2 b5 10. Be2 Nbd7 11. Qc2 c4 12. a4 Rb8 13. axb5 axb5 14. O-O O-O 15. b4 cxb3 16. Qxb3 Nc5 17. Qb4 Nxd5 18. Nxd5 Qxg5 19. Ra3 Qd8 20. Nb3 Re8 21. Nxc5 dxc5 22. Qxc5 Rxe4 23. Bf3 Re8 24. Rb3 Bd7 25. Rd1 Kh8 26. g3 Qg5 27. Qb4 Be6 28. Qa5 Qf5 29. Bg2 Qc2 30. Rbd3 Red8 31. h3 h5 32. Bf1 b4 33. Nxb4 Qxd1 34. Rxd1 Rxd1 35. Kg2 Bc3 36. Qc7 Rc8 37. Qf4 Bxb4 38. Qxb4 Bd5+ 39. Kh2 Rxf1 40. Qd4+ Kg8 41. Qxd5 Rxf2+ 42. Kg1 Rb2 0-1

[Event "Hadera"]
[Site "?"]
[Date "1995.??.??"]
[Round "?"]
[White "Tyomkin, D."]
[Black "Yudasin, L."]
[Result "0-1"]
[WhiteElo "2385"]
[BlackElo "2630"]
[PlyCount "72"]
[EventDate "1995.??.??"]
[Source "ChessBase"]
[SourceDate "1995.10.01"]

1. d4 Nf6 2. c4 e6 3. Nf3 c5 4. d5 exd5 5. cxd5 g6 6. Nc3 d6 7. e4 Bg7 8. Bg5 h6 9. Bh4 g5 10. Bg3 Nh5 11. Bb5+ Kf8 12. O-O a6 13. Be2 Nxg3 14. fxg3 Nd7 15. a4 h5 16. Kh1 Kg8 17. a5 Rb8 18. Qc2 Ne5 19. Nxe5 Bxe5 20. Nd1 g4 21. Ne3 Qg5 22. Nf5 b5 23. axb6 Rxb6 24. Qa4 Bxf5 25. Rxf5 Qe7 26. Raf1 f6 27. b3 Rb4 28. Qxa6 Rxe4 29. Bd3 Rd4 30. Bc4 h4 31. Kg1 hxg3 32. hxg3 Re4 33. Bd3 Bd4+ 34. R5f2 Re5 35. Qc8+ Kg7 36. Qxg4+ Rg5 0-1

[Event "Open, Pula CRO"]
[Site "?"]
[Date "2001.??.??"]
[Round "7"]
[White "Hulak, K."]
[Black "Fercec, N."]
[Result "0-1"]
[WhiteElo "2560"]
[BlackElo "2430"]
[PlyCount "118"]
[EventDate "2001.??.??"]
[Source "www.chesslib.no"]
[SourceDate "2004.05.04"]

1. d4 Nf6 2. c4 c5 3. d5 e6 4. Nc3 exd5 5. cxd5 d6 6. Nf3 g6 7. Bg5 Bg7 8. e4 a6 9. Nd2 b5 10. Be2 Nbd7 11. O-O O-O 12. Qc2 h6 13. Bh4 c4 14. b4 cxb3 15. axb3 Bb7 16. Rac1 Rc8 17. Qb1 Qb6 18. Na2 Qd4 19. Rxc8 Rxc8 20. Rd1 Re8 21. Bd3 Ne5 22. Bf1 Qb6 23. Be2 g5 24. Bg3 Ng6 25. Nc1 h5 26. h3 Bc8 27. Kf1 h4 28. Bh2 g4 29. hxg4 Bxg4 30. Bg1 Bd7 31. Nd3 h3 32. f3 Qd8 33. g3 Nh5 34. Bh2 Qg5 35. g4 Bd4 36. Rc1 Qxd2 37. gxh5 Nh4 38. Rc7 Nxf3 39. Bxf3 Qxh2 40. Qc1 Qg3 41. Qf4 Qg1+ 42. Ke2 Rc8 43. Rxc8+ Bxc8 44. h6 f6 45. Kd2 Qg5 46. Ke2 h2 47. Bh1 Bg4+ 48. Ke1 Qxf4 49. Nxf4 Kh7 50. Ne6 Be5 51. Nc7 Bc8 52. Kf2 Kxh6 53. Bf3 Kg5 54. Ne6+ Kh4 55. Kg2 a5 56. Bd1 Bd7 57. Bc2 a4 58. b4 a3 59. Bb1 Kg4 0-1

[Event "Ch Europe team"]
[Site "Europe"]
[Date "1971.??.??"]
[Round "?"]
[White "Forintos, Gyozo V"]
[Black "Minic, Dragoljub"]
[Result "0-1"]
[WhiteElo "2500"]
[BlackElo "2490"]
[PlyCount "48"]
[EventDate "1971.??.??"]
[Source "www.chesslib.no"]
[SourceDate "2004.05.04"]

1. d4 Nf6 2. c4 c5 3. d5 e6 4. Nc3 exd5 5. cxd5 d6 6. e4 g6 7. Nf3 Bg7 8. Bg5 h6 9. Bh4 g5 10. Bg3 Nh5 11. Bb5+ Kf8 12. Be2 Nxg3 13. hxg3 Qe7 14. Nd2 Nd7 15. g4 a6 16. a4 Bd4 17. O-O Nf6 18. Nc4 h5 19. Nb6 hxg4 20. g3 Nxe4 21. Nxa8 Qe5 22. Kg2 Nxc3 23. bxc3 Qe4+ 24. f3 Rh2+ 0-1

[Event "Naleczow"]
[Site "Naleczow"]
[Date "1980.??.??"]
[Round "?"]
[White "Lukov, V."]
[Black "Psakhis, L."]
[Result "1/2-1/2"]
[WhiteElo "2440"]
[BlackElo "2535"]
[PlyCount "38"]
[EventDate "1980.??.??"]
[Source "www.chesslib.no"]
[SourceDate "2004.05.04"]

1. d4 Nf6 2. c4 c5 3. d5 e6 4. Nc3 exd5 5. cxd5 d6 6. e4 g6 7. Nf3 Bg7 8. Bg5 h6 9. Bh4 a6 10. Nd2 b5 11. Qc2 g5 12. Bg3 Nh5 13. a4 bxa4 14. Nc4 Nxg3 15. hxg3 O-O 16. Bd3 Qc7 17. Qxa4 Ra7 18. O-O Rb7 19. Nd1 Rb5 1/2-1/2

[Event "Bajmok"]
[Site "Bajmok"]
[Date "1980.??.??"]
[Round "?"]
[White "Spiridonov, Nikola"]
[Black "Suba, Mihai"]
[Result "1/2-1/2"]
[WhiteElo "2470"]
[BlackElo "2470"]
[PlyCount "56"]
[EventDate "1980.??.??"]
[Source "www.chesslib.no"]
[SourceDate "2004.05.04"]

1. d4 Nf6 2. c4 c5 3. d5 e6 4. Nc3 exd5 5. cxd5 d6 6. e4 g6 7. Nf3 Bg7 8. Bg5 h6 9. Bh4 a6 10. Nd2 b5 11. Qc2 O-O 12. a4 b4 13. Nd1 Re8 14. Ne3 b3 15. Qb1 g5 16. Bg3 Nh5 17. Bd3 Nf4 18. O-O Nd7 19. Nf5 Ne5 20. Nxg7 Kxg7 21. Bc4 Qa5 22. Rd1 Qb4 23. Qc1 Bd7 24. Bxf4 gxf4 25. f3 Bxa4 26. Ra3 Bb5 27. Rxb3 Qa4 28. Ra3 Qb4 1/2-1/2

[Event "ARG Ch sf"]
[Site "Chaco"]
[Date "1996.??.??"]
[Round "?"]
[White "Sorin, Ariel"]
[Black "Bronstein, Luis M"]
[Result "1/2-1/2"]
[WhiteElo "2505"]
[BlackElo "2415"]
[PlyCount "38"]
[EventDate "1996.??.??"]
[Source "www.chesslib.no"]
[SourceDate "2004.05.04"]

1. d4 Nf6 2. c4 e6 3. Nf3 c5 4. d5 exd5 5. cxd5 d6 6. Nc3 g6 7. e4 Bg7 8. Bg5 h6 9. Bh4 a6 10. Nd2 b5 11. a4 b4 12. Ncb1 g5 13. Bg3 h5 14. h4 g4 15. Bd3 O-O 16. O-O Re8 17. f3 Nfd7 18. Nc4 Bd4+ 19. Kh1 Ne5 1/2-1/2

[Event "Karlovac"]
[Site "?"]
[Date "1979.??.??"]
[Round "2"]
[White "Nemet Ivan"]
[Black "Hulak Krunoslav"]
[Result "0-1"]
[WhiteElo "2470"]
[BlackElo "2450"]
[PlyCount "64"]
[EventDate "1979.??.??"]
[Source "www.chesslib.no"]
[SourceDate "2004.05.04"]

1. d4 Nf6 2. Nf3 e6 3. c4 c5 4. d5 exd5 5. cxd5 d6 6. Nc3 g6 7. e4 Bg7 8. Bg5 h6 9. Bh4 a6 10. Nd2 b5 11. a4 b4 12. Ncb1 O-O 13. Bd3 Re8 14. O-O Qc7 15. Bxf6 Bxf6 16. Nc4 Nd7 17. Nbd2 a5 18. f4 Ba6 19. e5 dxe5 20. d6 Qd8 21. f5 e4 22. fxg6 exd3 23. gxf7+ Kxf7 24. Qh5+ Kg7 25. Rf3 Bd4+ 26. Kh1 Nf6 27. Rg3+ Kh8 28. Qxh6+ Nh7 29. Rf1 Rf8 30. Re1 Qf6 31. Qxf6+ Rxf6 32. b3 Bf2 0-1

[Event "DSV-Turnier"]
[Site "Berlin-Ost"]
[Date "1979.??.??"]
[Round "7"]
[White "Popov, Luben"]
[Black "Suba, Mihai"]
[Result "1/2-1/2"]
[WhiteElo "2460"]
[BlackElo "2435"]
[PlyCount "31"]
[EventDate "1979.??.??"]
[Source "www.chesslib.no"]
[SourceDate "2004.05.04"]

1. d4 Nf6 2. c4 e6 3. Nf3 c5 4. d5 exd5 5. cxd5 d6 6. Nc3 g6 7. e4 Bg7 8. Bg5 h6 9. Bh4 a6 10. Nd2 b5 11. a4 b4 12. Ncb1 Qe7 13. Bd3 g5 14. Bg3 Nbd7 15. O-O Ne5 16. Be2 1/2-1/2

[Event "Soviet Union"]
[Site "Soviet Union"]
[Date "1978.??.??"]
[Round "?"]
[White "Dorfman, Josif D"]
[Black "Shvedchikov, Anatoli I"]
[Result "1-0"]
[WhiteElo "2550"]
[BlackElo "2345"]
[PlyCount "75"]
[EventDate "1978.??.??"]
[Source "www.chesslib.no"]
[SourceDate "2004.05.04"]

1. d4 Nf6 2. c4 c5 3. d5 e6 4. Nc3 exd5 5. cxd5 d6 6. Nf3 g6 7. e4 Bg7 8. Bg5 h6 9. Bh4 g5 10. Bg3 Nh5 11. Bb5+ Kf8 12. e5 Nxg3 13. fxg3 a6 14. Bd3 dxe5 15. O-O b5 16. Qe2 c4 17. Nxe5 Qb6+ 18. Kh1 cxd3 19. Qh5 Kg8 20. Qxf7+ Kh7 21. d6 Qxd6 22. Ne4 Qxe5 23. Nf6+ Qxf6 24. Rxf6 Rg8 25. Rxh6+ Kxh6 26. Qxg8 Nd7 27. Qd5 Ra7 28. Qc6+ Nf6 29. Qxc8 Re7 30. h4 Ne4 31. Kh2 gxh4 32. gxh4 Be5+ 33. g3 Nxg3 34. Kh3 Bd6 35. Qf8+ Kh7 36. Qxe7+ Bxe7 37. Kxg3 Bf6 38. Rd1 1-0

[Event "Elista ol (Men)"]
[Site "Elista"]
[Date "1998.10.04"]
[Round "6"]
[White "Nemet, Ivan"]
[Black "Franco Ocampos, Zenon"]
[Result "1-0"]
[WhiteElo "2395"]
[BlackElo "2485"]
[PlyCount "135"]
[EventDate "1998.09.29"]
[Source "ChessBase"]
[SourceDate "1998.11.06"]

1. d4 Nf6 2. Nf3 e6 3. c4 c5 4. d5 d6 5. Nc3 exd5 6. cxd5 g6 7. Bg5 Bg7 8. e4 a6 9. Nd2 b5 10. a4 b4 11. Ncb1 h6 12. Bh4 O-O 13. Bd3 Re8 14. O-O Nbd7 15. Bg3 Ne5 16. Bxe5 Rxe5 17. Nc4 Re8 18. Nbd2 a5 19. Qc2 Ra7 20. Rad1 Ba6 21. b3 Rae7 22. f3 Nh5 23. f4 g5 24. fxg5 hxg5 25. Rf5 Bd4+ 26. Kh1 f6 27. Nf3 Bxc4 28. Bxc4 Bc3 29. e5 Rh7 30. e6 Ng3+ 31. Kg1 Nxf5 32. Qxf5 Ree7 33. h3 Reg7 34. Rf1 Rh6 35. Nh2 Rh4 36. Ng4 Kf8 37. Rf3 Bd4+ 38. Kh2 Ke7 39. g3 Rh8 40. Bf1 Qf8 41. Rd3 Be5 42. Qf2 Rgh7 43. Ne3 Kd8 44. Qf5 Rh4 45. Ng4 Rxg4 46. Qxg4 Ke7 47. Kg2 Qh6 48. Rf3 Qh5 49. Qxh5 Rxh5 50. Bd3 Rh8 51. Rf1 Rh6 52. Rh1 Rh8 53. h4 Bc3 54. h5 Rh6 55. g4 f5 56. Bxf5 Bg7 57. Bd3 Rh8 58. Rf1 Bf6 59. Kf3 Be5 60. Ke4 Bf6 61. Bb5 Rh6 62. Kd3 Rh8 63. Kc4 Rd8 64. Bc6 Rb8 65. Rf3 Rb6 66. Be8 Rb8 67. Bg6 Rb7 68. h6 1-0

[Event "Pula op"]
[Site "Pula"]
[Date "1998.??.??"]
[Round "3"]
[White "Hulak, Krunoslav"]
[Black "Kosanski, Stanko"]
[Result "1-0"]
[WhiteElo "2515"]
[BlackElo "2365"]
[PlyCount "79"]
[EventDate "1998.05.??"]
[Source "www.chesslib.no"]
[SourceDate "2004.05.04"]

1. d4 Nf6 2. c4 e6 3. Nc3 c5 4. d5 exd5 5. cxd5 d6 6. Nf3 g6 7. e4 Bg7 8. Bg5 O-O 9. Nd2 a6 10. a4 Nbd7 11. Be2 h6 12. Bh4 g5 13. Bg3 Ne8 14. Nc4 Nb6 15. Ne3 f5 16. exf5 Bxf5 17. h4 Nd7 18. hxg5 Qxg5 19. Rh5 Qg6 20. Rxf5 Rxf5 21. Bd3 Bxc3+ 22. bxc3 Ng7 23. Qc2 Raf8 24. Bxf5 Nxf5 25. Bxd6 Qxd6 26. Nxf5 Qf6 27. Ne3 Ne5 28. Kf1 c4 29. Rd1 Nd3 30. Kg1 b5 31. axb5 axb5 32. Rf1 Kh8 33. Qd2 Rg8 34. Rb1 Qa6 35. Nf5 Rg6 36. Qe3 Rg5 37. Qe8+ Rg8 38. Qe3 Rg5 39. d6 Qc6 40. g3 1-0

[Event "Pernik"]
[Site "?"]
[Date "1978.??.??"]
[Round "11"]
[White "Peev Peicho Chonev"]
[Black "Suba Mihail"]
[Result "1/2-1/2"]
[WhiteElo "2440"]
[BlackElo "2430"]
[PlyCount "93"]
[EventDate "1978.??.??"]
[Source "www.chesslib.no"]
[SourceDate "2004.05.04"]

1. d4 Nf6 2. c4 e6 3. Nf3 c5 4. d5 exd5 5. cxd5 g6 6. Nc3 d6 7. e4 Bg7 8. Bg5 h6 9. Bh4 a6 10. a4 g5 11. Bg3 Nh5 12. Be2 O-O 13. Nd2 Nxg3 14. hxg3 f5 15. exf5 Bxf5 16. O-O Nd7 17. Nc4 Ne5 18. Ne3 Bh7 19. g4 Qd7 20. g3 Rae8 21. a5 Re7 22. Kg2 Ref7 23. f3 Qe7 24. Qd2 Bg6 25. Rae1 h5 26. Bd1 hxg4 27. Nxg4 Bf5 28. Nf2 Nc4 29. Qc1 Qf6 30. Be2 Nxa5 31. g4 Bh7 32. Nfe4 Bxe4 33. Nxe4 Qf4 34. Nxg5 Qxc1 35. Rxc1 Bxb2 36. Rb1 Be5 37. Nxf7 Rxf7 38. Rb6 Rf4 39. Rfb1 Ra4 40. Bxa6 Ra2+ 41. Kh1 bxa6 42. Rxa6 Kg7 43. Rf1 Bf4 44. Re1 Kg6 45. Ra8 c4 46. Rg8+ Kf7 47. Rc8 1/2-1/2

[Event "Karlovac"]
[Site "?"]
[Date "1977.??.??"]
[Round "?"]
[White "Diesen, B."]
[Black "Robatsch, K."]
[Result "1-0"]
[WhiteElo "2440"]
[BlackElo "2430"]
[PlyCount "59"]
[EventDate "1977.??.??"]
[Source "www.chesslib.no"]
[SourceDate "2004.05.04"]

1. Nf3 Nf6 2. c4 e6 3. d4 c5 4. d5 exd5 5. cxd5 d6 6. Nc3 g6 7. e4 Bg7 8. Bg5 h6 9. Bh4 a6 10. Nd2 b5 11. a4 b4 12. Ncb1 O-O 13. Bd3 Ra7 14. O-O g5 15. Bg3 Re7 16. a5 Ne8 17. Nc4 f5 18. exf5 Bxf5 19. Bxf5 Rxf5 20. Qd3 Ref7 21. Nbd2 Bd4 22. Qe4 Nc6 23. Nf3 Ne7 24. Nxd4 cxd4 25. Qxd4 Rxd5 26. Qb6 Qc8 27. Rac1 Rb5 28. Nxd6 Rxb6 29. Nxc8 Rb5 30. Rfe1 1-0

[Event "Buenos Aires PRENAJ"]
[Site "Buenos Aires"]
[Date "1994.??.??"]
[Round "11"]
[White "Sorin, Ariel"]
[Black "Ginzburg, Maximiliano"]
[Result "1-0"]
[WhiteElo "2470"]
[BlackElo "2400"]
[PlyCount "89"]
[EventDate "1994.??.??"]
[Source "www.chesslib.no"]
[SourceDate "2004.05.04"]

1. d4 Nf6 2. c4 e6 3. Nf3 c5 4. d5 exd5 5. cxd5 d6 6. Nc3 g6 7. e4 Bg7 8. Bg5 h6 9. Bh4 a6 10. Nd2 b5 11. a4 b4 12. Ncb1 O-O 13. Bd3 Re8 14. O-O Nbd7 15. f4 Qc7 16. Qf3 c4 17. Rc1 c3 18. bxc3 g5 19. Bg3 gxf4 20. Qxf4 Ne5 21. Qf1 Nfg4 22. Be2 f5 23. Kh1 Rf8 24. cxb4 Qe7 25. Nc3 f4 26. Bf2 Bd7 27. Rab1 Ng6 28. Rb3 Rac8 29. Bxg4 Bxg4 30. Qxa6 Ne5 31. Qf1 f3 32. Na2 Rxc1 33. Nxc1 fxg2+ 34. Qxg2 Qg5 35. Bd4 Rc8 36. Rc3 Rxc3 37. Bxc3 Nc4 38. Bxg7 Kxg7 39. h3 Ne3 40. Qg3 Bd7 41. Qxg5+ hxg5 42. b5 Bxh3 43. a5 Bc8 44. a6 Kf6 45. Ncb3 1-0

[Event "Cup 2004"]
[Site "Rabac"]
[Date "2004.??.??"]
[Round "9.4"]
[White "Cvitan, Ognjen"]
[Black "Covic, Darko"]
[Result "1-0"]
[WhiteElo "2524"]
[BlackElo "2343"]
[PlyCount "49"]
[EventDate "2004.05.20"]
[Source "Roberto Alvarez"]
[SourceDate "2004.06.07"]

1. d4 Nf6 2. Nf3 e6 3. c4 c5 4. d5 exd5 5. cxd5 d6 6. Nc3 g6 7. e4 Bg7 8. Bg5 O-O 9. Nd2 Na6 10. Be2 Bd7 11. O-O h6 12. Bh4 Qb8 13. a4 Re8 14. Bg3 Bf8 15. f4 Nc7 16. Qb3 Bg4 17. Bxg4 Nxg4 18. Rae1 h5 19. e5 f5 20. exf6 Ne3 21. Nde4 Nxf1 22. Rxf1 Qc8 23. f5 gxf5 24. Ng5 Re3 25. Qd1 1-0

[Event "Capablanca mem-B"]
[Site "Cuba"]
[Date "1993.??.??"]
[Round "9"]
[White "Sorin, Ariel"]
[Black "Gonzalez, Bernal M"]
[Result "1-0"]
[WhiteElo "2425"]
[BlackElo "2430"]
[PlyCount "75"]
[EventDate "1993.??.??"]
[Source "ChessBase"]

1. d4 Nf6 2. c4 c5 3. d5 e6 4. Nc3 exd5 5. cxd5 d6 6. Nf3 g6 7. e4 Bg7 8. Bg5 h6 9. Bh4 a6 10. Nd2 b5 11. a4 b4 12. Ncb1 O-O 13. Bd3 Nbd7 14. Nc4 Nb6 15. Nxb6 Qxb6 16. Nd2 Re8 17. O-O Ng4 18. Nc4 Qc7 19. f4 a5 20. Qf3 h5 21. h3 Nh6 22. f5 Bd4+ 23. Bf2 Bxf2+ 24. Rxf2 Ba6 25. Nd2 c4 26. Nxc4 Rac8 27. b3 Bxc4 28. Bxc4 Qe7 29. Re2 gxf5 30. Qxh5 Qf6 31. Rf1 Qg6 32. Qh4 Qg7 33. Rf3 Kh7 34. Rxf5 Rg8 35. Ref2 Rc7 36. e5 dxe5 37. d6 Rxc4 38. bxc4 1-0

[Event "Cherepovets"]
[Site "Cherepovets"]
[Date "1997.??.??"]
[Round "3"]
[White "Bratchenko, Alexander"]
[Black "Ditiatev, Sergey"]
[Result "1-0"]
[WhiteElo "2390"]
[BlackElo "2465"]
[PlyCount "77"]
[EventDate "1997.??.??"]
[Source "www.chesslib.no"]
[SourceDate "2004.05.04"]

1. d4 Nf6 2. c4 e6 3. Nf3 c5 4. d5 exd5 5. cxd5 d6 6. Nc3 g6 7. e4 Bg7 8. Bg5 h6 9. Bb5+ Bd7 10. Bxd7+ Qxd7 11. Bh4 g5 12. Bg3 Nh5 13. Ne5 Qe7 14. Qxh5 dxe5 15. h4 Nd7 16. Qe2 a6 17. O-O-O O-O-O 18. Kb1 Nb6 19. Rc1 Kb8 20. f3 Bf6 21. h5 Rc8 22. Nd1 Rc7 23. Ne3 Qd7 24. Ng4 Qd6 25. Qe3 Bg7 26. Rhd1 f6 27. Qd2 Rd8 28. Ne3 Bf8 29. Nf5 Qd7 30. Bf2 Nc8 31. Qa5 c4 32. b3 Qb5 33. Qxb5 axb5 34. a4 cxb3 35. axb5 Nd6 36. Nxd6 Bxd6 37. Kb2 Rxc1 38. Rxc1 Rc8 39. Ba7+ 1-0

[Event "Smederevska Polanka"]
[Site "Smederevska Polanka"]
[Date "1979.06.??"]
[Round "6"]
[White "Vukovic, Milosav"]
[Black "Ermenkov, Evgenij P"]
[Result "0-1"]
[WhiteElo "2360"]
[BlackElo "2495"]
[PlyCount "96"]
[EventDate "1979.06.??"]
[Source "www.chesslib.no"]
[SourceDate "2004.05.04"]

1. d4 Nf6 2. c4 c5 3. d5 e6 4. Nc3 exd5 5. cxd5 d6 6. Nf3 g6 7. e4 Bg7 8. Bg5 h6 9. Bh4 a6 10. Nd2 b5 11. Be2 g5 12. Bg3 Qe7 13. O-O Nbd7 14. Qc2 Ne5 15. a4 b4 16. Nd1 Rb8 17. b3 h5 18. Ne3 h4 19. Bxe5 Qxe5 20. Nec4 Qe7 21. Rad1 Nd7 22. Bg4 Ne5 23. Bxc8 Rxc8 24. Nxe5 Bxe5 25. Nc4 Qf6 26. Qe2 Bd4 27. Qg4 Rd8 28. Rd3 Qf4 29. Qxf4 gxf4 30. Rf3 Be5 31. Nxe5 dxe5 32. Rc1 f5 33. Rxc5 fxe4 34. Rh3 Ke7 35. g3 hxg3 36. Rxh8 gxf2+ 37. Kxf2 Rxh8 38. Rc6 Rxh2+ 39. Kg1 Re2 40. Rxa6 f3 41. Re6+ Kd7 42. Kf1 Re3 43. Kf2 Rxb3 44. Rxe5 Rb2+ 45. Kg3 Rg2+ 46. Kh3 Re2 47. Re6 f2 48. Kg2 e3 0-1

[Event "WCN k.o."]
[Site "?"]
[Date "2001.??.??"]
[Round "?"]
[White "Tyomkin Dimitri"]
[Black "Hutters Tomas"]
[Result "1-0"]
[WhiteElo "2461"]
[BlackElo "2390"]
[PlyCount "95"]
[EventDate "2001.??.??"]
[Source "www.chesslib.no"]
[SourceDate "2004.05.04"]

1. d4 Nf6 2. c4 e6 3. Nc3 c5 4. d5 exd5 5. cxd5 d6 6. e4 g6 7. Nf3 Bg7 8. Bg5 h6 9. Bh4 a6 10. Nd2 b5 11. a4 b4 12. Ncb1 O-O 13. Bd3 Nbd7 14. Nc4 Nb6 15. Nxb6 Qxb6 16. Nd2 a5 17. Nc4 Qd8 18. O-O Ba6 19. Re1 Re8 20. Rc1 Bxc4 21. Rxc4 g5 22. Bg3 Nd7 23. Bxd6 Bxb2 24. Bxc5 Bc3 25. Rxc3 bxc3 26. Bd4 Ne5 27. Bb5 Re7 28. Bxc3 Rc8 29. Qd4 Qd6 30. Bxa5 g4 31. Qb6 Qxb6 32. Bxb6 Nc4 33. Bxc4 Rxc4 34. a5 Rcxe4 35. Rxe4 Rxe4 36. h3 Kf8 37. a6 Ra4 38. a7 gxh3 39. gxh3 Ke7 40. Bc5+ Kf6 41. Kg2 Ke5 42. d6 Ke6 43. Kg3 h5 44. f4 Kd7 45. Kh4 Ra5 46. f5 Kc6 47. Kxh5 Ra6 48. Kg5 1-0

[Event "Chesspangenberg"]
[Site "Buenos Aires"]
[Date "2003.11.12"]
[Round "8.7"]
[White "Sorin, Ariel"]
[Black "Bronstein, Luis Marcos"]
[Result "1-0"]
[WhiteElo "2512"]
[BlackElo "2331"]
[PlyCount "87"]
[EventDate "2003.11.04"]
[Source "Roberto Alvarez"]
[SourceDate "2003.11.17"]

1. d4 Nf6 2. c4 e6 3. Nf3 c5 4. d5 d6 5. Nc3 exd5 6. cxd5 g6 7. e4 Bg7 8. Bg5 h6 9. Bh4 a6 10. Nd2 b5 11. a4 b4 12. Ncb1 O-O 13. Bd3 Qe7 14. O-O g5 15. Bg3 Nfd7 16. Nc4 Ne5 17. Nxe5 Bxe5 18. Bxe5 Qxe5 19. Nd2 Nd7 20. Nc4 Qe7 21. Qh5 Kg7 22. f4 gxf4 23. Rxf4 Ne5 24. Nxe5 Qxe5 25. Qxe5+ dxe5 26. Rf2 Bd7 27. b3 a5 28. Rc1 Rac8 29. Rfc2 Kf6 30. Rxc5 Ke7 31. d6+ Kxd6 32. Rd5+ Ke7 33. Rxe5+ Kf6 34. Rxc8 Rxc8 35. Rxa5 Be6 36. e5+ Kg5 37. Rb5 Rc3 38. h4+ Kxh4 39. Rxb4+ Kg3 40. Bf1 Rxb3 41. Rxb3+ Bxb3 42. a5 Bd5 43. a6 Kf4 44. Be2 1-0

[Event "Reggio Emilia"]
[Site "Reggio Emilia"]
[Date "1979.??.??"]
[Round "?"]
[White "Portisch, Ferenc"]
[Black "Cramling, Dan"]
[Result "1/2-1/2"]
[WhiteElo "2475"]
[BlackElo "2355"]
[PlyCount "34"]
[EventDate "1979.??.??"]
[Source "www.chesslib.no"]
[SourceDate "2004.05.04"]

1. d4 Nf6 2. c4 c5 3. d5 e6 4. Nc3 exd5 5. cxd5 d6 6. Nf3 g6 7. e4 Bg7 8. Bg5 a6 9. Nd2 h6 10. Bh4 b5 11. Qc2 O-O 12. a4 b4 13. Nd1 Re8 14. Ne3 b3 15. Qd3 Nbd7 16. f3 Rb8 17. Nec4 Nb6 1/2-1/2

[Event "Gutierrez Memorial"]
[Site "San Jose, CA USA"]
[Date "1991.??.??"]
[Round "9"]
[White "Matamoros Franco, Carlos S"]
[Black "Gonzalez, Bernal Manuel"]
[Result "1/2-1/2"]
[WhiteElo "2420"]
[BlackElo "2385"]
[PlyCount "35"]
[EventDate "1991.??.??"]
[Source "www.chesslib.no"]
[SourceDate "2004.05.04"]

1. d4 Nf6 2. c4 c5 3. d5 e6 4. Nc3 exd5 5. cxd5 d6 6. e4 g6 7. Nf3 Bg7 8. Bg5 h6 9. Bh4 a6 10. Nd2 b5 11. a4 b4 12. Ncb1 O-O 13. Bd3 Re8 14. O-O Nbd7 15. f4 Qc7 16. Qf3 c4 17. Rc1 Ng4 18. Rxc4 1/2-1/2

[Event "Bayamo"]
[Site "?"]
[Date "1989.??.??"]
[Round "?"]
[White "Matamoros, C."]
[Black "Gutierrez, JA."]
[Result "1-0"]
[WhiteElo "2440"]
[BlackElo "2365"]
[PlyCount "123"]
[EventDate "1989.??.??"]
[Source "www.chesslib.no"]
[SourceDate "2004.05.04"]

1. d4 Nf6 2. Nf3 c5 3. d5 e6 4. c4 exd5 5. cxd5 d6 6. Nc3 g6 7. e4 Bg7 8. Bg5 a6 9. Nd2 h6 10. Bh4 b5 11. a4 b4 12. Ncb1 O-O 13. Bd3 g5 14. Bg3 Qe7 15. O-O Nbd7 16. Nc4 Ne8 17. Nbd2 Ne5 18. Bxe5 Bxe5 19. Nxe5 Qxe5 20. Nc4 Qf6 21. Nb6 Rb8 22. Nxc8 Rxc8 23. Bxa6 Ra8 24. Qe2 Qe5 25. Bb7 Ra5 26. Rfe1 Nf6 27. Bc6 Kg7 28. b3 Rc8 29. Qe3 Rc7 30. Qg3 Re7 31. Qxe5 Rxe5 32. f3 Kf8 33. Kf2 Ke7 34. Ke3 Kd8 35. Kd3 Kc7 36. g3 Kb6 37. Re2 Ra7 38. Bb5 Rae7 39. Rae1 Nh5 40. Bc4 Ka5 41. Kd2 Kb6 42. a5+ Ka7 43. Rf1 Nf6 44. g4 Nd7 45. Rh1 Nf8 46. h4 Ng6 47. hxg5 hxg5 48. Rh6 Rb7 49. Reh2 Rbe7 50. Rh7 f6 51. R2h6 Rxh7 52. Rxh7+ Re7 53. Rh6 Ne5 54. Rxf6 Nxc4+ 55. bxc4 Ka6 56. Rxd6+ Kxa5 57. Rc6 Rh7 58. Rxc5+ Ka4 59. Rc8 Rh2+ 60. Ke3 b3 61. c5 Rc2 62. Ra8+ 1-0

[Event "19 ECC 2003 Men"]
[Site "?"]
[Date "2003.09.28"]
[Round "1.153"]
[White "Babula Vlastimil"]
[Black "Brittner Serge"]
[Result "1-0"]
[WhiteElo "2550"]
[BlackElo "2245"]
[PlyCount "75"]
[EventDate "2003.??.??"]
[Source "www.chesslib.no"]
[SourceDate "2004.05.04"]

1. d4 Nf6 2. c4 e6 3. Nf3 c5 4. d5 exd5 5. cxd5 d6 6. Nc3 g6 7. e4 Bg7 8. Bg5 h6 9. Bh4 a6 10. a4 g5 11. Bg3 Nh5 12. Nd2 Nxg3 13. hxg3 Nd7 14. Nc4 Ne5 15. Ne3 O-O 16. g4 Re8 17. Be2 Ng6 18. g3 Qe7 19. Kf1 Qf8 20. f3 Bd4 21. Qd2 Bxe3 22. Qxe3 f5 23. gxf5 Bxf5 24. Ke1 Bd7 25. Kd2 Kg7 26. Raf1 Qf6 27. f4 Qd4+ 28. Bd3 Qxe3+ 29. Kxe3 Rab8 30. e5 dxe5 31. fxg5 hxg5 32. Ne4 Rf8 33. Nxc5 Rxf1 34. Rxf1 Bh3 35. Ne6+ Bxe6 36. dxe6 Re8 37. Rf7+ Kg8 38. Rxb7 1-0

[Event "Cup Independence"]
[Site "Kyiv"]
[Date "2004.08.18"]
[Round "8.5"]
[White "Galinsky, Timofey"]
[Black "Simantsev, Mikhail"]
[Result "1-0"]
[WhiteElo "2417"]
[BlackElo "2371"]
[PlyCount "75"]
[EventDate "2004.08.11"]
[Source "Roberto Alvarez"]
[SourceDate "2004.08.30"]

1. d4 c5 2. d5 d6 3. c4 e6 4. Nc3 exd5 5. cxd5 Nf6 6. e4 g6 7. Nf3 Bg7 8. Bg5 O-O 9. Nd2 a6 10. a4 h6 11. Bh4 g5 12. Bg3 Qe7 13. Be2 Nbd7 14. O-O Ne5 15. Qc2 Nfd7 16. Rfe1 Nb8 17. Nd1 f5 18. exf5 Bxf5 19. Qb3 Nbd7 20. Ne3 Bg6 21. Ndc4 b5 22. axb5 axb5 23. Rxa8 Rxa8 24. Qxb5 Nxc4 25. Bxc4 Ne5 26. Bf1 h5 27. b4 cxb4 28. Qxb4 h4 29. Bxe5 Qxe5 30. g3 hxg3 31. hxg3 Rf8 32. Ng4 Qd4 33. Qxd6 Bf5 34. Ne3 Bh7 35. Bh3 Qd2 36. Rf1 Bd3 37. Qe6+ Kh8 38. Bf5 1-0

[Event "SWE-chT 0102"]
[Site "?"]
[Date "2001.10.13"]
[Round "2"]
[White "Svenn Gosta"]
[Black "Ornstein Axel"]
[Result "1-0"]
[WhiteElo "2360"]
[BlackElo "2426"]
[PlyCount "59"]
[EventDate "2001.??.??"]
[Source "www.chesslib.no"]
[SourceDate "2004.05.04"]

1. d4 Nf6 2. c4 e6 3. Nf3 c5 4. d5 d6 5. Nc3 exd5 6. cxd5 g6 7. e4 Bg7 8. Bg5 h6 9. Bh4 g5 10. Bg3 Nh5 11. Bb5+ Kf8 12. e5 a6 13. Bd3 Nf4 14. O-O Bg4 15. e6 fxe6 16. dxe6 Nc6 17. Bxf4 gxf4 18. Re1 d5 19. h3 Bh5 20. Bc2 Ne7 21. Qd2 Qd6 22. Nh4 Rd8 23. Nf5 Nxf5 24. Bxf5 Bf6 25. e7+ Bxe7 26. Re6 Qb8 27. Nxd5 Bg5 28. Qc3 Rg8 29. Nf6 Bf7 30. Nh7# 1-0

[Event "Ibi"]
[Site "?"]
[Date "1996.??.??"]
[Round "?"]
[White "Del Rey Diego"]
[Black "Chabanon Jean Luc"]
[Result "1-0"]
[WhiteElo "2350"]
[BlackElo "2425"]
[PlyCount "61"]
[EventDate "1996.??.??"]
[Source "www.chesslib.no"]
[SourceDate "2004.05.04"]

1. d4 Nf6 2. c4 e6 3. Nf3 c5 4. d5 exd5 5. cxd5 d6 6. Nc3 g6 7. e4 Bg7 8. Bg5 h6 9. Bh4 g5 10. Bg3 Nh5 11. Bb5+ Kf8 12. e5 Nxg3 13. fxg3 dxe5 14. O-O a6 15. Bd3 b5 16. Qe2 c4 17. Nxe5 cxd3 18. Qh5 Qe8 19. Ng6+ Kg8 20. Rae1 Be6 21. Nxh8 Nc6 22. dxe6 fxe6 23. Nf7 d2 24. Rd1 Ne5 25. Nxh6+ Kh7 26. Qxe8 Rxe8 27. Nf7 Nc4 28. Ne4 Bxb2 29. Nfd6 Bd4+ 30. Kh1 Nxd6 31. Nxd6 1-0